000 00823nam a22001935i 4500
001 153558
003 ES-MaACL
005 20250811063147.0
008 020509s1894 sp |||| | spa d
040 _aEXT
_bspa
_cEXT
100 1 _aSerra y Fernández de Moratín, Leandro
_9132661
245 1 0 _aDos capítulos de la historia de Canarias /
_cestudio y recopilación por Leandro Serra y Fernández de Moratín.
260 _aSanta Cruz de Tenerife :
_b[s.n.],
_c1894 (
_fImp. de Alvarez Hermanos)
300 _a43 p. ;
_c24 cm.
594 1 _aEn la cub.: Cuarto Centenario de la Conquista de Tenerife.
650 4 _a
_9241639
852 _aES-MaACL
_jT-812-F-5
_z-- Enc. hol. conservando la cub. original
_z-- Dedic. ms. del autor al Ateneo de Madrid
_z-- Enc. en un vol. facticio
999 _c153558
_d153558